General knowledge #6 - Statistics

General Stats
  • This quiz has been taken 61 times
  • The average score is 11 of 20
Answer Stats
Hint Answer % Correct
What is the biggest planet in the solar system Jupiter
93%
What actor starred in the movies titanic and don’t look up Leonardo DiCaprio
84%
Complete they saying: a stitch in time saves____ Nine
84%
What gas is most responsible for global warming Carbon dioxide
82%
What country has the most people of Jewish descent United States of America
78%
What is the square root of 121 11
75%
What are the first 3 digit of pi (counting the number in the ones place) 3.14
64%
What continent is Papua New Guinea located in Oceania
64%
What year did Columbus sail to america 1492
62%
Most popular kind of cookie Chocolate chip
55%
What country has the lowest population density Mongolia
51%
What is the second largest land animal Rhino
49%
What is the most endangered species of ape(not counting subspecies such as bonobos) Orangutan (check out my quiz on where they are)
45%
What is it called when a bowler makes 3 strikes in a row Turkey
44%
What country was the first to give women the right to vote New Zealand
42%
What is dog in Spanish Perro
42%
What singer sang love story and you belong with me Taylor swift
33%
What is the best selling viedo game Minecraft
25%
In what Us state would you find wild jaguars Arizona
18%
Smallest ocean in the world(using the 5 ocean model) Artic
16%
No matching quizzes found
Score Distribution
Percent of People with Each Score
Percentile by Number Answered
Your Score History
You have not taken this quiz